|
|
|
|
| LEADER |
00000nam a2200000 a 4500 |
| 001 |
vtls001344117 |
| 003 |
SK-MaSNL |
| 005 |
20260302094250.0 |
| 008 |
251124s1997 SI ac y 0 slv |
| 020 |
|
|
|a 9616037234
|c [300,00]
|
| 035 |
|
|
|a SNK000297308
|
| 040 |
|
|
|a SNK
|b slo
|c SNK
|e AACR2
|
| 044 |
|
|
|a SI
|
| 080 |
|
|
|a 72.036(497.1=863)(083.81)
|2 1981
|
| 100 |
1 |
|
|a Pirkovič, Jelka
|4 aut
|9 766004
|
| 245 |
1 |
|
|a Secesijska arhitektura v Sloveniji
|c Jelka Pirkovič, Breda Mihelič ; [fotografija Miran Kambič]
|
| 260 |
|
|
|a Ljubljana
|b Ministrstvo za kulturo
|c 1997
|
| 300 |
|
|
|a 204 s.
|c 27 cm
|
| 650 |
0 |
7 |
|a secesná architektúra
|2 SNKPH
|9 103008
|
| 651 |
|
7 |
|a Slovinsko
|2 SNKPH
|9 18915
|
| 655 |
|
7 |
|a katalógy
|2 SNKPH
|9 60821
|
| 700 |
1 |
|
|a Mihelič, Breda
|4 aut
|9 766005
|
| 700 |
1 |
|
|a Kambič, Miran
|4 fot
|9 766006
|
| 919 |
|
|
|a 961-6037-23-4
|
| 999 |
|
|
|c 1212439
|d 1214369
|
| 952 |
|
|
|t P60, <04>, [BOOK], {604}
|a SNK
|b SNK
|y VYP
|7 0
|p 17A0161412
|o snkIB 69953
|i snkV 1297/98
|0 0
|1 0
|4 0
|d 1998-10-20
|l 0
|r 2005-01-02 00:00:00
|w 2026-02-24
|